[Event "AUTO-INT-2368"]
[Site "http://www.queenalice.com/game.php?id=1078083"]
[Date "2012.6.30"]
[Round "1"]
[White "Frost"]
[Black "Rabbit"]
[Result "0-1"]
[WhiteElo "1657"]
[BlackElo "1527"]

1. e3 d5 2. Bd3 e5 3. f3 c5 4. f4 e4 5. Bb5+ Nc6 6. b3 Nf6 7. d4 Qa5+ 8. Bd2
Qxb5 9. Na3 Qb6 10. c4 cxd4 11. exd4 Bxa3 12. c5 Qc7 13. Ne2 Bg4 14. h3 Bxe2 15.
Qxe2 Nxd4 16. Qe3 Nc2+ 0-1

[Event "AUTO-INT-2368"]
[Site "http://www.queenalice.com/game.php?id=1078084"]
[Date "2012.6.30"]
[Round "1"]
[White "Rabbit"]
[Black "Frost"]
[Result "1-0"]
[WhiteElo "1577"]
[BlackElo "1649"]

1. Nf3 e6 2. c4 Bc5 3. d4 Be7 4. Nc3 c5 5. d5 Nf6 6. d6 Bf8 7. e4 Bxd6 8. Qxd6
Qe7 9. Nb5 Qxd6 10. Nxd6+ Kd8 11. Nxf7+ Ke8 12. Nxh8 Nxe4 13. Bd3 Nf6 14. Bf4
Nc6 15. Bd6 a6 16. O-O-O b6 17. Ng5 b5 18. Nxh7 Nxh7 19. Bg6+ Kd8 20. Nf7+ Ke8
21. Ne5+ Kd8 22. Nxc6+ dxc6 23. Bxh7 bxc4 24. Rhe1 Rb8 25. Bxb8+ 1-0

[Event "AUTO-INT-2368"]
[Site "http://www.queenalice.com/game.php?id=1078095"]
[Date "2012.6.30"]
[Round "1"]
[White "Rabbit"]
[Black "kubinet"]
[Result "0-1"]
[WhiteElo "1587"]
[BlackElo "1779"]

1. d4 d5 2. Nf3 Nf6 3. e3 e6 4. Bd3 Be7 5. O-O O-O 6. b3 c5 7. Bb2 Nc6 8. a3
cxd4 9. exd4 a6 10. Nbd2 b5 11. Ne5 Qb6 12. Qe2 Nd7 13. Qh5 Nf6 14. Qh3 Nxd4 15.
Rad1 h6 16. Qe3 Bc5 17. b4 Nb3 18. bxc5 Nxc5 19. Bd4 Re8 0-1

[Event "AUTO-INT-2368"]
[Site "http://www.queenalice.com/game.php?id=1078096"]
[Date "2012.6.30"]
[Round "1"]
[White "kubinet"]
[Black "Rabbit"]
[Result "1-0"]
[WhiteElo "1770"]
[BlackElo "1596"]

1. e4 d5 2. exd5 Nf6 3. d4 Bg4 4. Be2 Bxe2 5. Nxe2 Nxd5 6. O-O e6 7. Re1 Be7 8.
Ng3 Nc6 9. c3 O-O 10. Nd2 Re8 11. Nf3 h6 12. Ne5 Nxe5 13. Rxe5 Bd6 14. Re1 Qh4
15. Re4 Qe7 16. Nf1 Rad8 17. Re1 c5 18. c4 Nf6 19. d5 Qc7 20. dxe6 1-0

[Event "AUTO-INT-2542"]
[Site "http://www.queenalice.com/game.php?id=1145656"]
[Date "2013.1.26"]
[Round "1"]
[White "Kgarcia"]
[Black "Rabbit"]
[Result "1-0"]
[WhiteElo "1714"]
[BlackElo "1638"]

1. Nf3 d5 2. d4 c6 3. e3 Bg4 4. Be2 e6 5. h3 Bh5 6. b3 Nd7 7. Bb2 Ngf6 8. Nbd2
Bd6 9. Ne5 Bxe2 10. Qxe2 Qc7 11. Ndf3 O-O 12. O-O a5 13. c4 a4 14. Nxd7 Qxd7 15.
c5 Bc7 16. b4 a3 17. Bc1 Rfb8 18. Qd3 b5 19. cxb6 Rxb6 20. Bxa3 Ne4 21. Rfb1
Rba6 22. Rb3 f6 23. Ne1 Qd6 24. Nf3 Qd7 25. Rab1 Nd6 26. b5 Nxb5 27. Bc5 Bd6 28.
Bxd6 Qxd6 29. Nd2 Rxa2 30. Rc1 1-0

[Event "AUTO-INT-2542"]
[Site "http://www.queenalice.com/game.php?id=1145657"]
[Date "2013.1.26"]
[Round "1"]
[White "Rabbit"]
[Black "Kgarcia"]
[Result "1-0"]
[WhiteElo "1544"]
[BlackElo "1654"]

1. e4 c5 2. Nc3 e6 3. f4 d5 4. Nf3 b6 5. exd5 exd5 6. Bb5+ Nd7 7. Bc6 Rb8 8. O-O
d4 9. Nb5 Ne7 10. Re1 Qc7 11. Nxc7+ Kd8 12. Nd5 Nxd5 13. Bxd5 h6 14. c3 dxc3 15.
dxc3 f6 16. Nh4 Bb7 17. Ng6 Rh7 18. Nxf8 Rh8 19. Be6 1-0

[Event "AUTO-INT-2542"]
[Site "http://www.queenalice.com/game.php?id=1145670"]
[Date "2013.1.26"]
[Round "1"]
[White "Rabbit"]
[Black "jamba"]
[Result "0-1"]
[WhiteElo "1579"]
[BlackElo "1527"]

1. Nf3 c5 2. c4 d6 3. g3 Nc6 4. Bg2 Nb4 5. O-O Be6 6. d3 Qa5 7. Bd2 Bf5 8. a3
Nc6 9. Bxa5 Nxa5 10. Nc3 Nf6 11. Qa4+ Nc6 12. Nd5 h5 13. Nc7+ Kd7 14. Nxa8 g6
15. d4 Bh6 16. d5 Rxa8 17. Nh4 b5 18. Qxb5 Nxd5 19. cxd5 Rc8 20. Nxf5 gxf5 21.
e4 f4 0-1

[Event "AUTO-INT-2542"]
[Site "http://www.queenalice.com/game.php?id=1145671"]
[Date "2013.1.26"]
[Round "1"]
[White "jamba"]
[Black "Rabbit"]
[Result "1-0"]
[WhiteElo "1545"]
[BlackElo "1561"]

1. d4 d5 2. e3 Nf6 3. Bd3 Bg4 4. Nf3 e6 5. Nbd2 c5 6. dxc5 Bxc5 7. Bb5+ Nc6 8.
c4 O-O 9. Nb3 Bb4+ 10. Nbd2 Ne5 11. h3 Bxf3 12. gxf3 dxc4 13. a3 Bxd2+ 14. Bxd2
Qd5 15. Ba4 Nxf3+ 16. Ke2 Rfd8 17. Bc3 Qh5 18. Bxf6 Rxd1 19. Raxd1 b5 20. Rd8+
Rxd8 21. Bxd8 bxa4 22. Kf1 1-0

[Event "AUTO-INT-2542"]
[Site "http://www.queenalice.com/game.php?id=1145672"]
[Date "2013.1.26"]
[Round "1"]
[White "Rabbit"]
[Black "raven225"]
[Result "1-0"]
[WhiteElo "1591"]
[BlackElo "1787"]

1. d4 d5 2. Nf3 Nc6 3. g3 g6 4. Bg2 Bg7 5. O-O Nf6 6. c4 e6 7. Nc3 O-O 8. Ne5
Nxe5 9. dxe5 Nd7 10. f4 dxc4 11. Be3 c6 12. Ne4 Nb6 13. Bc5 Qxd1 14. Rfxd1 Re8
15. Nd6 Rd8 16. Nxc4 Rxd1+ 17. Rxd1 Nd5 18. e4 Nc7 19. Rd8+ Bf8 20. Rxf8+ Kg7
21. Rd8 Kh6 22. Bf8+ Kh5 23. Bf3# 1-0

[Event "AUTO-INT-2542"]
[Site "http://www.queenalice.com/game.php?id=1145673"]
[Date "2013.1.26"]
[Round "1"]
[White "raven225"]
[Black "Rabbit"]
[Result "0-1"]
[WhiteElo "1676"]
[BlackElo "1653"]

1. e4 d5 2. exd5 Nf6 3. c4 e6 4. Nc3 exd5 5. cxd5 Nxd5 6. Nf3 Be7 7. Bb5+ c6 8.
Nxd5 Qxd5 9. Ba4 Bg4 10. O-O Bxf3 11. Qxf3 Qxf3 12. gxf3 Nd7 13. Re1 Nc5 14. Bc2
Rd8 15. b4 Ne6 16. d3 Bxb4 17. Re4 a5 18. Bb2 Rd5 19. Rd1 O-O 20. Bb3 Rf5 21.
Kg2 Nf4+ 22. Kf1 Rd8 23. Bc4 b5 24. Bb3 Bd6 25. Bc1 Nd5 26. Bxd5 Rxd5 27. Kg2 a4
28. Bb2 c5 29. Rg4 Bf8 30. Kh3 Rxd3 31. Rdg1 Rxf3+ 32. Kg2 Rfd3 33. Kh1 Rd1 34.
Kg2 Rxg1+ 35. Kxg1 Rd2 36. Be5 Rxa2 37. Re4 a3 38. Re1 f6 39. Bc7 b4 40. Rb1 c4
41. Ba5 b3 42. Bc3 Bc5 43. Be1 Rc2 44. Ra1 a2 45. Kf1 b2 46. Rxa2 b1=Q 47. Ra8+
Kf7 48. Rc8 Rxf2+ 0-1

[Event "AUTO-OPEN-2902"]
[Site "http://www.queenalice.com/game.php?id=1145883"]
[Date "2013.1.27"]
[Round "1"]
[White "cex5"]
[Black "Rabbit"]
[Result "0-1"]
[WhiteElo "1460"]
[BlackElo "1635"]

1. e4 d5 2. d3 dxe4 3. Nc3 exd3 4. Bxd3 Nf6 5. Be3 e5 6. Bb5+ Nbd7 7. Nf3 Bd6 8.
Nd2 O-O 9. O-O c6 10. Bd3 Nc5 11. Nce4 Nxd3 12. Nxf6+ Qxf6 13. cxd3 Qg6 14. Qf3
Rd8 15. Ne4 Bc7 16. h3 f5 17. Nd2 Rxd3 18. Qd1 f4 19. Re1 Bxh3 20. Qf3 Bg4 21.
Qe4 fxe3 22. Qxg6 exf2+ 23. Kxf2 hxg6 24. Nc4 b5 25. Nxe5 Bb6+ 26. Kf1 Rf8+ 27.
Nf3 Bxf3 28. gxf3 Rfxf3+ 29. Kg2 Rf2+ 30. Kh1 Rh3+ 31. Kg1 Rd2+ 32. Kf1 Rh1# 0-1

[Event "AUTO-OPEN-2902"]
[Site "http://www.queenalice.com/game.php?id=1145884"]
[Date "2013.1.27"]
[Round "1"]
[White "Rabbit"]
[Black "cex5"]
[Result "1-0"]
[WhiteElo "1625"]
[BlackElo "1472"]

1. d4 d5 2. Nf3 e6 3. e3 Nc6 4. Bd3 Bd6 5. b3 Qf6 6. c4 Bc5 7. O-O Be7 8. Bb2
Nb4 9. Be2 e5 10. Nxe5 Nh6 11. a3 Nc6 12. cxd5 Nxe5 13. dxe5 Qg6 14. Nc3 Bh3 15.
Bf3 Ng4 16. Ne2 Nh6 17. Nf4 Qa6 18. Nxh3 O-O-O 19. Rc1 Bxa3 20. Qc2 Qb6 21. Bxa3
Rd7 22. e6 fxe6 23. Bc5 Qa5 24. Ra1 Qb5 25. Rxa7 Kb8 26. Rfa1 c6 27. d6 b6 28.
Ra8+ Kb7 29. R1a7# 1-0

[Event "AUTO-OPEN-2902"]
[Site "http://www.queenalice.com/game.php?id=1145909"]
[Date "2013.1.27"]
[Round "1"]
[White "Rabbit"]
[Black "raven225"]
[Result "1-0"]
[WhiteElo "1615"]
[BlackElo "1783"]

1. e4 c5 2. c3 Nc6 3. d4 cxd4 4. cxd4 e6 5. d5 exd5 6. exd5 Ne5 7. Nf3 Nxf3+ 8.
Qxf3 Nf6 9. Bg5 Qa5+ 10. Nc3 Be7 11. Bd3 d6 12. Bb5+ Bd7 13. Bxd7+ Kxd7 14. O-O
Rae8 15. b4 Qa3 16. Qf5+ Kc7 17. Nb5+ Kb8 18. Nxa3 h6 19. Be3 Bd8 20. Rac1 Bc7
21. Nb5 Re5 22. Rxc7 Rxf5 23. Rfc1 Nxd5 24. Bxa7+ Ka8 25. Rc8+ Rxc8 26. Rxc8#
1-0

[Event "AUTO-OPEN-2902"]
[Site "http://www.queenalice.com/game.php?id=1145910"]
[Date "2013.1.27"]
[Round "1"]
[White "raven225"]
[Black "Rabbit"]
[Result "0-1"]
[WhiteElo "1721"]
[BlackElo "1644"]

1. e4 d5 2. exd5 Nf6 3. Bc4 Nxd5 4. Bxd5 Qxd5 5. Nf3 Bg4 6. Nc3 Qh5 7. O-O e6 8.
Ne4 Bxf3 9. Qxf3 Qxf3 10. gxf3 Nd7 11. d4 h6 12. c4 O-O-O 13. Be3 f5 14. Ng3 g5
15. Ne2 f4 16. Bd2 Ne5 17. dxe5 Rxd2 18. b3 Rxe2 19. Rfe1 Rxe1+ 20. Rxe1 Bb4 21.
Rd1 Rd8 22. Rb1 Rd2 23. a4 a5 24. Kg2 Bc5 25. Rf1 Kd7 26. h3 Bd4 27. Kg1 Bxe5
28. Rb1 c5 29. Kf1 Bd4 30. Ke1 Rxf2 31. Rd1 Rxf3 32. Ke2 Rxh3 33. Kf1 Rh1+ 34.
Ke2 f3+ 35. Kd2 Rxd1+ 36. Kxd1 h5 0-1

[Event "AUTO-OPEN-2902"]
[Site "http://www.queenalice.com/game.php?id=1145911"]
[Date "2013.1.27"]
[Round "1"]
[White "Rabbit"]
[Black "Racey"]
[Result "1-0"]
[WhiteElo "1578"]
[BlackElo "1501"]

1. Nf3 d5 2. c4 c5 3. cxd5 Qxd5 4. Nc3 Qc6 5. e4 c4 6. d4 b5 7. Ne5 Qa6 8. a4
Bd7 9. Bf4 f6 10. axb5 Qb7 11. Qh5+ Kd8 12. Nf7+ Kc8 13. Qc5+ Bc6 14. Bxc4 Nd7
15. Be6 g5 16. bxc6 Qc7 17. cxd7+ Kb7 18. Qxc7# 1-0

[Event "AUTO-OPEN-2902"]
[Site "http://www.queenalice.com/game.php?id=1145912"]
[Date "2013.1.27"]
[Round "1"]
[White "Racey"]
[Black "Rabbit"]
[Result "0-1"]
[WhiteElo "1515"]
[BlackElo "1564"]

1. e4 d5 2. Nc3 d4 3. Nb5 e5 4. g4 Nf6 5. f3 a6 6. Na3 Nxe4 7. fxe4 Qh4+ 8. Ke2
Bxg4+ 9. Nf3 Bxf3+ 10. Kxf3 Qh5+ 11. Kg2 Qxd1 12. h4 Qg4+ 13. Kf2 d3 14. cxd3
Bc5+ 15. Ke1 Qg3+ 16. Kd1 Qf3+ 17. Ke1 Bf2# 0-1